Normal view
MARC view
- Management- Protection- disaster Management
Entry Topical Term
001 - CONTROL NUMBER
- control field: 7195
003 - CONTROL NUMBER IDENTIFIER
- control field: NUST
005 - DATE AND TIME OF LATEST TRANSACTION
- control field: 20171213092404.0
008 - FIXED-LENGTH DATA ELEMENTS
- fixed length control field: 171213|| aca||aabn | a|a d
040 ## - CATALOGING SOURCE
- Original cataloging agency: NUST
- Transcribing agency: NUST
150 ## - HEADING--TOPICAL TERM
- Topical term or geographic name entry element: Management- Protection- disaster Management
670 ## - SOURCE DATA FOUND
- Source citation: Work cat.: (NUST): Aafat ki pesh bandi /, 2014
